Fotos (Record no. 893)

MARC details
000 -LEADER
campo de control de longitud fija 01067nas a2200265 i 4500
001 - NÚMERO DE CONTROL
campo de control 893
003 - IDENTIFICADOR DE NÚMERO DE CONTROL
campo de control ES-MaACL
005 - FECHA Y HORA DE LA ÚLTIMA TRANSACCIÓN
campo de control 20250511094118.0
007 - CAMPO FIJO DE DESCRIPCIÓN FÍSICA--INFORMACIÓN GENERAL
campo de control de longitud fija t|
008 - DATOS DE LONGITUD FIJA--INFORMACIÓN GENERAL
campo de control de longitud fija 950801d19371963sp | | 1 ||pa d
245 00 - MENCIÓN DEL TÍTULO
Título Fotos
Resto del título : semanario gráfico /
Mención de responsabilidad, etc. dir., Fernando Castán Palomar.
260 ## - PUBLICACIÓN, DISTRIBUCIÓN, ETC.
Lugar de publicación, distribución, etc. [San Sebastián :
Nombre del editor, distribuidor, etc. s.n.,
Fecha de publicación, distribución, etc. 1937-1963] (
Fabricante Talleres Tipográficos de "Unidad")
300 ## - DESCRIPCIÓN FÍSICA
Extensión v. ;
Dimensiones 37 cm.
310 ## - PERIODICIDAD ACTUAL
Periodicidad actual Semanal
362 0# - FECHAS DE PUBLICACIÓN Y/O DESIGNACIÓN SECUENCIAL
Fecha de publicación y/o designación secuencial Año 1, n. 1 (25 feb. 1937)-año 26, n. 1389 (12 oct. 1963)
500 ## - NOTA GENERAL
Nota general Desde marzo 1940 se edita en Madrid.
500 ## - NOTA GENERAL
Nota general Variaciones en el subtít.
530 ## - NOTA DISPONIBLE DE FORMULARIO FÍSICO ADICIONAL
Nota de formato físico adicional disponible Disponible en formato digital.
650 14 - PUNTO DE ACCESO ADICIONAL DE MATERIA--TÉRMINO DE MATERIA
Término de materia o nombre geográfico como elemento de entrada Revistas de información general.
9 (RLIN) 16896
700 1# - ENTRADA AGREGADA--NOMBRE PERSONAL
Nombre de persona Castán Palomar, Fernando,
Fechas asociadas al nombre 1898-1963
9 (RLIN) 36390
852 ## - LOCALIZACIÓN
Ubicación ES-MaACL
Número de control de estantería HEM-GF-60
856 ## - LOCALIZACIÓN Y ACCESO ELECTRÓNICOS
Identificador Uniforme de Recursos <a href="http://bibliotecavirtual.malaga.es/i18n/consulta/registro.cmd?id=17931">http://bibliotecavirtual.malaga.es/i18n/consulta/registro.cmd?id=17931</a>
Nota pública Biblioteca Virtual de Málaga
866 #0 - MENCIÓN TEXTUAL DE FONDOS--UNIDAD BIBLIOGRÁFICA BÁSICA
Fondos (1943 nº 347-356) 1944-52(1953f.n.827y851y858y863)1954(1955f.n.949y974)(1956f.n.1013)1957(1958f.n.1122)1959-60.
Holdings
Estatus retirado Estado de pérdida Estado de daño No para préstamo Colección Biblioteca de origen Biblioteca actual Ubicación en estantería Fecha de adquisición Fuente de adquisición Total de préstamos Signatura topográfica completa Código de barras Visto por última vez Precio de reemplazo Tipo de ítem Koha
        Colección digital Biblioteca del Ateneo de Madrid Biblioteca del Ateneo de Madrid Depósito 1 17/01/2008     HEM-GF-60 1000909 23/02/2023 23/02/2023 Revista